Cities nicknamed 'Venice of the North' on a Map - Statistics

General Stats
  • This quiz has been taken 118 times
  • The average score is 16 of 39
Answers on the Map
Answers color-coded by a green-red scale on the quiz's map according to % correct below.
 
Answer Stats
Pop. City % Correct
8.9 mil London (Paddington)
99%
870k Amsterdam
93%
612k Glasgow (Maryhill)
92%
5.3 mil Saint Petersburg
92%
1.8 mil Hamburg
91%
800k Copenhagen
90%
975k Stockholm
89%
1.1 mil Birmingham
87%
210k Cork
85%
550k Manchester
84%
470k Gdańsk
81%
118k Bruges
75%
790k Leeds
75%
465k Strasbourg
75%
640k Wrocław
63%
215k Lübeck
57%
130k Amiens
38%
130k Annecy
34%
52k Passau
29%
95k Schwerin
28%
68k Colmar
26%
344k Bydgoszcz
24%
59k Stralsund
21%
66k Ålesund
18%
40k Bornholm
18%
50k Emden
18%
76k Bamberg
13%
2.7k Giethoorn
11%
37k Papenburg
7%
99k Kalisz
5%
107k Rochdale
5%
3.2k Bourton-on-the-Water
3%
3k Friedrichstadt
3%
14k Skipton
3%
4.7k Svolvær
2%
50k Arendal
1%
200 Bulandet and Værlandet
1%
9.3k Haapsula
1%
510 Henningsvær
1%
No matching quizzes found
Score Distribution
Percent of People with Each Score
Percentile by Number Answered
Your Score History
You have not taken this quiz